000 00808nam a2200205Ia 4500
999 _c36287
_d36287
001 2194
003 GE_BSU
005 20221018145447.0
008 181216s1960ru xx |||||||||||||| ||rus||
040 _cGE_BSU
041 _arus
080 _a821.112.22 09 Л-72
245 _aФридрих Шиллук /
_c Л.Лозинская,
264 _aМосква :
_bМолодая Гвардия,
_c1960.
300 _a335 с.:
_b21 см.
600 _2Жизнь замечательных людей. Серия Биографий основана в 1933 году М. Горьким. Вып.7ю(297)
653 _aგამოჩენილი ადამიანების ცხოვრება.
700 _aЛозинская, Л.
_dრედაქტორი
_915356
942 _cBK
_2udc